|
|
|
|
| LEADER |
00000nta a2200000 i 4500 |
| 001 |
dolg23365 |
| 005 |
20200224122543.0 |
| 008 |
191126suuuu hu om 000 hun d |
| 040 |
|
|
|a BGE Dolgozattár Repozitórium
|b hun
|
| 041 |
|
|
|a hu
|
| 100 |
1 |
|
|a Bartha Bence
|
| 245 |
1 |
2 |
|a A magyar tejpiac helyzete, aktualitásai nemzetközi és hazai viszonylatban
|c Bartha Bence
|h [elektronikus dokumentum]
|
| 695 |
|
|
|a magyar tejpiac
|
| 695 |
|
|
|a nemzetközi tejpiac
|
| 700 |
1 |
|
|a Kozár Dr. habil László
|e ths
|
| 856 |
4 |
0 |
|u http://dolgozattar.uni-bge.hu/23365/1/Bartha%20Bence_PMV4MY_A%20magyar%20tejpiac%20helyzete%2C%20aktualit%C3%A1sai%20nemzetk%C3%B6zi%20%C3%A9s%20hazai%20viszonylatban.pdf
|z Dokumentum-elérés
|
| 856 |
4 |
0 |
|u http://dolgozattar.uni-bge.hu/23365/8/SKM_C45819112615530.pdf
|z Dokumentum-elérés
|